| 000 | 00821nam a2200229Ii 4500 | ||
|---|---|---|---|
| 003 | JO-AjNU | ||
| 008 | 230605s9999||||xx |||||||||||||| ||und|| | ||
| 017 | _a2005/9/2112 | ||
| 040 |
_aJO-AjNU _bara _erda _cJO-AjNU |
||
| 041 | _aara | ||
| 050 | 1 | 4 | _aBF637.S8.D76.2006 |
| 100 | 3 |
_aالدروبي، سليمان, _eauthor _921622 |
|
| 245 | 0 | 0 | _aكيف تحصل على ما تريد؟ وتحقق أهدافك وطموحاتك |
| 250 | _aط1 | ||
| 264 | 3 | 1 | _aعمان:دار الثقافة للنشر, 2003 |
| 300 | _a153ص | ||
| 336 |
_atext _btxt _2rdacontent |
||
| 337 |
_aunmediated _bn _2rdamedia |
||
| 338 |
_avolume _bnc _2rdacarrier |
||
| 490 | 0 | _aسلسلة البرمجة الادارية وتحسين الاداء | |
| 650 | 4 |
_aسيكولوجية الشخصية -علم النفس الافرادي _921623 |
|
| 999 |
_aA7542 _c11110 _d11110 |
||